[Event "Madrid ch - Previa B"]
[Site "Madrid"]
[Date "2009.11.21"]
[Round "7.17"]
[White "Vicario Ramirez, Celestino"]
[Black "Mosteiro Montoro, Alvaro"]
[Result "0-1"]
[WhiteElo "1612"]
[BlackElo "1777"]
[PlyCount "68"]
[EventDate "2009.11.05"]
[EventType "swiss"]
[EventRounds "9"]
[EventCountry "ESP"]
[Source "lmi"]
[SourceDate "2009.11.05"]

1. e4 c5 2. Nf3 Nc6 3. d4 cxd4 4. Nxd4 e5 5. Nf5 d6 6. Nc3 Bxf5 7. exf5 Nf6 8.
Bg5 Be7 9. Bc4 O-O 10. O-O Nd4 11. Bxf6 Bxf6 12. Nd5 Nxf5 13. Bd3 Nh6 14. c3
Be7 15. Qb3 b6 16. Rad1 Ng4 17. Qc2 g6 18. f4 exf4 19. Rxf4 Ne5 20. Rdf1 Kg7
21. Be2 Bg5 22. R4f2 Rc8 23. c4 b5 24. b3 a5 25. Qb2 b4 26. Bg4 Rc5 27. Be6 f5
28. g4 Rxd5 29. Bxd5 Bf6 30. Qe2 Nxg4 31. Rg2 Re8 32. Be6 Qb6+ 33. Kh1 Qe3 34.
Rf3 Qxe6 0-1

[Event "Madrid ch - Previa B"]
[Site "Madrid"]
[Date "2009.11.21"]
[Round "7.18"]
[White "Jimenez Vera, Ruben"]
[Black "Ortiz Berruguete, Adrian"]
[Result "0-1"]
[WhiteElo "1554"]
[BlackElo "1682"]
[PlyCount "100"]
[EventDate "2009.11.05"]
[EventType "swiss"]
[EventRounds "9"]
[EventCountry "ESP"]
[Source "lmi"]
[SourceDate "2009.11.05"]

1. d4 Nf6 2. c4 e6 3. Nc3 c5 4. Nf3 d5 5. Bg5 cxd4 6. Qxd4 Be7 7. cxd5 exd5 8.
Rd1 Nc6 9. Qd2 Be6 10. Bxf6 Bxf6 11. e4 dxe4 12. Qxd8+ Rxd8 13. Rxd8+ Kxd8 14.
Nxe4 Bxb2 15. a4 Ba3 16. Be2 Bb4+ 17. Ned2 Bb3 18. O-O Bxd2 19. Nxd2 Bxa4 20.
Ra1 b5 21. Rc1 Nd4 22. Bg4 f5 23. Bd1 Bxd1 24. Rxd1 Ne2+ 25. Kf1 Nc3 26. Ra1
Na4 27. Nc4 Kc7 28. Na3 Kb6 29. Rb1 Nc3 30. Rb3 Rc8 31. Ke1 a6 32. Kd2 Ne4+ 33.
Ke2 Rc3 34. Rxc3 Nxc3+ 35. Kd3 b4 36. Nc4+ Kb5 37. h4 Ne4 38. Ne3 Nxf2+ 39. Ke2
b3 40. Kd2 Ne4+ 41. Kd3 g6 42. Nd1 a5 43. g4 a4 44. gxf5 gxf5 45. Ne3 a3 46.
Nc4 a2 47. Na5 Kb4 48. Nc6+ Ka3 49. Na5 a1=Q 50. Nc4+ Kb4 0-1

[Event "Madrid ch - Previa B"]
[Site "Madrid"]
[Date "2009.11.21"]
[Round "7.19"]
[White "Dominguez Alfara, Miguel"]
[Black "Kalinovsky, Martin"]
[Result "1/2-1/2"]
[WhiteElo "1652"]
[BlackElo "1632"]
[PlyCount "87"]
[EventDate "2009.11.05"]
[EventType "swiss"]
[EventRounds "9"]
[EventCountry "ESP"]
[Source "lmi"]
[SourceDate "2009.11.05"]

1. d4 Nf6 2. Nf3 c5 3. e3 b6 4. c4 Bb7 5. Nbd2 g6 6. Bd3 Bg7 7. O-O O-O 8. Re1
d6 9. d5 Nbd7 10. Rb1 Qc7 11. b4 Rfc8 12. b5 Rf8 13. Bb2 Rae8 14. e4 Ng4 15.
Bxg7 Kxg7 16. Bf1 e6 17. Ng5 Ngf6 18. f4 Re7 19. Ngf3 exd5 20. cxd5 Rfe8 21.
Bd3 c4 22. Rc1 c3 23. Qb3 Qc5+ 24. Kh1 Ng4 25. Qxc3+ Qxc3 26. Rxc3 Nc5 27. Kg1
Bxd5 28. exd5 Rxe1+ 29. Nxe1 Rxe1+ 30. Bf1 Nf6 31. Nf3 Ra1 32. Ra3 Nxd5 33.
Rxa7 Ne3 34. Nd2 Nxf1 35. Nxf1 Rb1 36. a4 Rb4 37. Ne3 Rxf4 38. Nd5 Rxa4 39.
Rxa4 Nxa4 40. Kf2 f5 41. Ke3 Kf7 42. Kf4 h6 43. h4 Kg7 44. g3 1/2-1/2

[Event "Madrid ch - Previa B"]
[Site "Madrid"]
[Date "2009.11.21"]
[Round "7.21"]
[White "Martin Garcia, Francisco J"]
[Black "Gomez Arce, David"]
[Result "0-1"]
[WhiteElo "1533"]
[BlackElo "1393"]
[PlyCount "56"]
[EventDate "2009.11.05"]
[EventType "swiss"]
[EventRounds "9"]
[EventCountry "ESP"]
[Source "lmi"]
[SourceDate "2009.11.05"]

1. d4 d5 2. c4 e6 3. Nf3 Nf6 4. g3 c5 5. cxd5 Nxd5 6. dxc5 Bxc5 7. Bg2 O-O 8.
O-O Qb6 9. a3 a5 10. Qc2 Nc6 11. b3 Nf6 12. Bb2 Rd8 13. Nbd2 e5 14. Nc4 Qa7 15.
Ncxe5 Nxe5 16. Nxe5 Be6 17. Nd3 Bd4 18. Bxd4 Rxd4 19. Rac1 Rad8 20. Qb2 b5 21.
Ne5 Rd2 22. Rc2 Qd4 23. Qxd4 R8xd4 24. Nf3 Rxc2 25. Nxd4 Rb2 26. Rd1 g6 27. Rd3
Rb1+ 28. Bf1 Bh3 0-1

[Event "Madrid ch - Previa B"]
[Site "Madrid"]
[Date "2009.11.27"]
[Round "8.1"]
[White "Cardeña Contreras, Javier"]
[Black "Martin Duque, Jesus"]
[Result "0-1"]
[WhiteElo "1862"]
[BlackElo "2020"]
[PlyCount "69"]
[EventDate "2009.11.05"]
[EventType "swiss"]
[EventRounds "9"]
[EventCountry "ESP"]
[Source "lmi"]
[SourceDate "2009.11.05"]

1. e4 e6 2. d4 d5 3. Nd2 Nf6 4. e5 Nfd7 5. Ngf3 c5 6. dxc5 Bxc5 7. Nb3 Be7 8.
Bd3 Nc6 9. Bf4 g5 10. Bg3 g4 11. Nfd4 h5 12. Bb5 Qc7 13. Qe2 a6 14. Bxc6 bxc6
15. Nf5 exf5 16. e6 f4 17. exd7+ Kxd7 18. O-O-O fxg3 19. hxg3 Bb7 20. Rxh5 Rxh5
21. Qxg4+ f5 22. Qxh5 Qe5 23. Qf7 Rf8 24. Qh5 Bd6 25. Na5 Kc7 26. Qf3 f4 27. g4
Bc8 28. Qb3 f3 29. g3 Qg5+ 30. Kb1 Qxg4 31. Nxc6 Qc4 32. Qe3 Qxc6 33. Rd3 Re8
34. Qd2 Re2 35. Qa5+ 0-1

[Event "Madrid ch - Previa B"]
[Site "Madrid"]
[Date "2009.11.27"]
[Round "8.2"]
[White "Torres Sevilla, Cristian"]
[Black "Gomez Gonzalez, Javier"]
[Result "1/2-1/2"]
[WhiteElo "1889"]
[BlackElo "2044"]
[PlyCount "30"]
[EventDate "2009.11.05"]
[EventType "swiss"]
[EventRounds "9"]
[EventCountry "ESP"]
[Source "lmi"]
[SourceDate "2009.11.05"]

1. d4 Nf6 2. c4 e6 3. Nc3 Bb4 4. e3 b6 5. Bd3 Bb7 6. Nf3 O-O 7. O-O d6 8. a3
Bxc3 9. bxc3 Nbd7 10. Nd2 e5 11. Qc2 Re8 12. e4 Nf8 13. d5 Ng6 14. g3 Bc8 15.
f3 Bh3 1/2-1/2

[Event "Madrid ch - Previa B"]
[Site "Madrid"]
[Date "2009.11.27"]
[Round "8.3"]
[White "Sanchez Millan, Eduardo"]
[Black "Navas Jimenez, Julian"]
[Result "1/2-1/2"]
[WhiteElo "1976"]
[BlackElo "1949"]
[PlyCount "32"]
[EventDate "2009.11.05"]
[EventType "swiss"]
[EventRounds "9"]
[EventCountry "ESP"]
[Source "lmi"]
[SourceDate "2009.11.05"]

1. d4 Nf6 2. c4 e6 3. Nc3 Bb4 4. Qc2 O-O 5. a3 Bxc3+ 6. Qxc3 b6 7. f3 Bb7 8. e4
d6 9. Be3 Nbd7 10. e5 Ne8 11. O-O-O Qe7 12. h4 Rc8 13. Nh3 c5 14. dxc5 Nxc5 15.
Kb1 dxe5 16. Qxe5 Qf6 1/2-1/2

[Event "Madrid ch - Previa B"]
[Site "Madrid"]
[Date "2009.11.27"]
[Round "8.4"]
[White "Ocaña Lameiro, Oliver"]
[Black "Rojas Pozo, Jose Luis"]
[Result "1/2-1/2"]
[WhiteElo "1904"]
[BlackElo "1931"]
[PlyCount "30"]
[EventDate "2009.11.05"]
[EventType "swiss"]
[EventRounds "9"]
[EventCountry "ESP"]
[Source "lmi"]
[SourceDate "2009.11.05"]

1. d4 Nf6 2. Bg5 Ne4 3. Bf4 d5 4. f3 Nf6 5. e4 dxe4 6. Nc3 exf3 7. Nxf3 e6 8.
a3 c6 9. Bd3 Be7 10. Qe2 Nbd7 11. O-O O-O 12. Kh1 a6 13. Rae1 Qa5 14. Ne5 Nb6
15. Bg5 Nbd7 1/2-1/2

[Event "Madrid ch - Previa B"]
[Site "Madrid"]
[Date "2009.11.27"]
[Round "8.5"]
[White "Cano Mercado, Francisco Manuel"]
[Black "Beltran De Heredia E., Miguel"]
[Result "0-1"]
[WhiteElo "1887"]
[BlackElo "2054"]
[PlyCount "110"]
[EventDate "2009.11.05"]
[EventType "swiss"]
[EventRounds "9"]
[EventCountry "ESP"]
[Source "lmi"]
[SourceDate "2009.11.05"]

1. e4 c5 2. Nc3 Nc6 3. g3 g6 4. Bg2 Bg7 5. Nge2 d6 6. O-O e6 7. d3 Nge7 8. Be3
Nd4 9. Rb1 O-O 10. f4 f5 11. Qd2 Rb8 12. Nd1 b5 13. c3 Nxe2+ 14. Qxe2 b4 15.
cxb4 Rxb4 16. Bd2 Rb8 17. Bc3 Qd7 18. Bxg7 Kxg7 19. Nc3 Nc6 20. Qd2 Ba6 21.
Rfd1 Nd4 22. Qf2 Rb4 23. Bf1 Rfb8 24. b3 Bc8 25. Rbc1 Qd8 26. Ne2 Bb7 27. Bg2
Qb6 28. Nxd4 Rxd4 29. exf5 gxf5 30. Rc4 Bxg2 31. Kxg2 Qc6+ 32. Kg1 Qd5 33. Rxd4
Qxd4 34. Qxd4+ cxd4 35. Rc1 Rb7 36. Rc6 Rd7 37. Kf2 e5 38. Kf3 Kf7 39. h3 h5
40. g4 hxg4+ 41. hxg4 Ke6 42. fxe5 fxg4+ 43. Kxg4 Kxe5 44. Kf3 Rf7+ 45. Ke2 Rh7
46. Ra6 Kf4 47. b4 Rh2+ 48. Kf1 Ke3 49. Rxa7 Kxd3 50. b5 Rb2 51. Ra3+ Kc2 52.
Ke2 Rxb5 53. Ra4 d3+ 54. Ke3 Re5+ 55. Kf2 d2 0-1

[Event "Madrid ch - Previa B"]
[Site "Madrid"]
[Date "2009.11.27"]
[Round "8.6"]
[White "Ruiz Quevedo, Andres"]
[Black "Garcia Serrano, Jose M"]
[Result "0-1"]
[WhiteElo "1928"]
[BlackElo "1902"]
[PlyCount "56"]
[EventDate "2009.11.05"]
[EventType "swiss"]
[EventRounds "9"]
[EventCountry "ESP"]
[Source "lmi"]
[SourceDate "2009.11.05"]

1. Nf3 d5 2. c4 e6 3. g3 Nf6 4. Bg2 Bc5 5. O-O O-O 6. d4 Be7 7. Nbd2 c6 8. b3
Nbd7 9. Bb2 Qc7 10. Rc1 Qa5 11. Qc2 b5 12. Qb1 bxc4 13. bxc4 Rb8 14. Rc2 Ba6
15. Nb3 Qb4 16. c5 Bc4 17. Bc3 Qa4 18. Rb2 Ne4 19. Qc2 Bf6 20. Rfb1 Ndxc5 21.
e3 Nd3 22. Ne5 Bxe5 23. dxe5 Nxb2 24. Bxb2 Bxb3 25. axb3 Qxb3 26. Bxe4 dxe4 27.
Qxe4 c5 28. h4 c4 0-1

[Event "Madrid ch - Previa B"]
[Site "Madrid"]
[Date "2009.11.27"]
[Round "8.7"]
[White "Tome Vazquez, Oscar"]
[Black "Merino Araguas, Jose Javier"]
[Result "1-0"]
[WhiteElo "2020"]
[BlackElo "1866"]
[PlyCount "73"]
[EventDate "2009.11.05"]
[EventType "swiss"]
[EventRounds "9"]
[EventCountry "ESP"]
[Source "lmi"]
[SourceDate "2009.11.05"]

1. e4 e6 2. d3 c5 3. Nf3 Nc6 4. Nbd2 d6 5. c3 Nf6 6. g3 Be7 7. Bg2 O-O 8. O-O
e5 9. Qe2 b6 10. Rd1 Qc7 11. Nf1 a5 12. Bg5 Ne8 13. h4 Bxg5 14. hxg5 f6 15. Ne3
fxg5 16. Nxg5 h6 17. Nf3 Qf7 18. Nh4 Ne7 19. a4 Rb8 20. Nf3 Nf6 21. Nd2 g5 22.
Ndc4 Ne8 23. d4 Ng6 24. Rd2 Qf6 25. Rad1 Be6 26. dxe5 Nxe5 27. Nxd6 Bb3 28.
Nxe8 Rbxe8 29. Ra1 Rf7 30. Qh5 Be6 31. Rad1 Ref8 32. Qe2 Bb3 33. Ra1 Be6 34.
Nd5 Nf3+ 35. Bxf3 Bxd5 36. Bh5 Re7 37. Rxd5 1-0

[Event "Madrid ch - Previa B"]
[Site "Madrid"]
[Date "2009.11.27"]
[Round "8.8"]
[White "Esquivias Gomez, Fco. Javier"]
[Black "Morona Minguez, Irene"]
[Result "0-1"]
[WhiteElo "2004"]
[BlackElo "1844"]
[PlyCount "92"]
[EventDate "2009.11.05"]
[EventType "swiss"]
[EventRounds "9"]
[EventCountry "ESP"]
[Source "lmi"]
[SourceDate "2009.11.05"]

1. d4 d5 2. Nf3 Nf6 3. c4 e6 4. Nc3 c6 5. cxd5 exd5 6. Bg5 Be7 7. e3 Nbd7 8.
Bd3 Nf8 9. Qc2 g6 10. h3 Ne6 11. Bh4 Ng7 12. g4 O-O 13. Ne5 c5 14. O-O-O c4 15.
Be2 a6 16. f4 Qd6 17. Kb1 b5 18. Bxf6 Bxf6 19. Nxd5 Bxe5 20. dxe5 Qc5 21. Bf3
Rb8 22. e4 b4 23. Be2 c3 24. b3 a5 25. Bc4 a4 26. Rhe1 Ra8 27. Nf6+ Kh8 28. Rd5
Qc7 29. Rb5 axb3 30. Qxb3 Be6 31. Nd5 Qa7 32. Rxb4 Rab8 33. Kc2 Bxd5 34. exd5
Rxb4 35. Qxb4 Rc8 36. Re4 Qf2+ 37. Be2 Qe1 38. Qd4 Qa1 39. Kd3 Qxa2 40. Ke3 c2
41. e6 c1=Q+ 42. Kf3 Qc3+ 43. Qxc3 Rxc3+ 44. Kg2 Qxd5 45. Bf3 Nxe6 46. f5 Rxf3
0-1

[Event "Madrid ch - Previa B"]
[Site "Madrid"]
[Date "2009.11.27"]
[Round "8.9"]
[White "Garcia Salamero, Hector"]
[Black "Noriega De La Sierra, Antonio"]
[Result "0-1"]
[WhiteElo "1774"]
[BlackElo "1881"]
[PlyCount "130"]
[EventDate "2009.11.05"]
[EventType "swiss"]
[EventRounds "9"]
[EventCountry "ESP"]
[Source "lmi"]
[SourceDate "2009.11.05"]

1. e4 c5 2. Nc3 Nc6 3. g3 g6 4. Bg2 Bg7 5. d3 d6 6. f4 e6 7. Nf3 Nge7 8. O-O
O-O 9. Be3 Nd4 10. Qd2 Rb8 11. Nd1 b6 12. c3 Nxf3+ 13. Bxf3 Ba6 14. Rf2 Qc7 15.
d4 d5 16. e5 Nf5 17. Be2 Bxe2 18. Rxe2 cxd4 19. cxd4 Nxe3 20. Rxe3 Rfc8 21. Rc3
Qd7 22. Rac1 Rxc3 23. Qxc3 Bf8 24. Qc7 Qxc7 25. Rxc7 a5 26. Kf2 b5 27. Ke2 a4
28. Nc3 Bb4 29. a3 Ba5 30. Ra7 Bb6 31. Ra6 Bxd4 32. Ra5 b4 33. Nxa4 bxa3 34.
bxa3 Rb3 35. Nc5 Bxc5 36. Rxc5 Rxa3 37. Rc2 h5 38. Kf2 Kg7 39. h4 Kf8 40. Rc8+
Ke7 41. Rc7+ Ke8 42. Rc8+ Kd7 43. Rf8 Ke7 44. Rb8 Ra7 45. Rb6 Rd7 46. Ke3 f6
47. Rc6 Rb7 48. Rc3 fxe5 49. fxe5 Rb4 50. Rc7+ Kd8 51. Rg7 Re4+ 52. Kd3 Rxe5
53. Rxg6 Kd7 54. g4 hxg4 55. Rxg4 Kd6 56. Kd4 Rf5 57. Kd3 Rf3+ 58. Ke2 Rh3 59.
Kf2 Ke5 60. Kg2 Rb3 61. h5 Kf5 62. Rg8 Rb7 63. Rh8 Re7 64. Kf3 Kf6 65. Kf4 e5+
0-1

[Event "Madrid ch - Previa B"]
[Site "Madrid"]
[Date "2009.11.27"]
[Round "8.10"]
[White "Gallardo Perez, Jesus"]
[Black "Marcos Herrero, Francisco"]
[Result "1-0"]
[WhiteElo "1832"]
[BlackElo "1851"]
[PlyCount "91"]
[EventDate "2009.11.05"]
[EventType "swiss"]
[EventRounds "9"]
[EventCountry "ESP"]
[Source "lmi"]
[SourceDate "2009.11.05"]

1. c4 Nf6 2. Nc3 g6 3. Nf3 Bg7 4. e4 d6 5. Be2 c5 6. O-O Nc6 7. d4 cxd4 8. Nxd4
O-O 9. Be3 a6 10. Nxc6 bxc6 11. f3 Qa5 12. a3 c5 13. Qc2 Be6 14. b4 cxb4 15.
axb4 Qc7 16. Ra3 Rfc8 17. Nd5 Bxd5 18. exd5 Nxd5 19. Qe4 Nxe3 20. Qxe3 e6 21.
Qd2 Rcb8 22. Rb1 a5 23. Qa2 Qb6+ 24. Kf1 Bd4 25. Bd3 Qc7 26. g3 Kg7 27. Rxa5
Rxa5 28. Qxa5 Bb6 29. Qa2 Rb7 30. Qb2+ e5 31. Qb3 Bd4 32. Be4 Ra7 33. Bd5 h5
34. b5 Qb6 35. Kg2 Rc7 36. Rc1 Qa7 37. Rc2 Qa1 38. Qd3 g5 39. Kh3 Ra7 40. Qf5
f6 41. Qe6 Qf1+ 42. Rg2 Qc1 43. Qg8+ Kh6 44. Be4 g4+ 45. fxg4 Qg5 46. Qh8+ 1-0

[Event "Madrid ch - Previa B"]
[Site "Madrid"]
[Date "2009.11.27"]
[Round "8.11"]
[White "Rollano Carcajona, Ruben"]
[Black "Leniz Martinez, Francisco"]
[Result "1/2-1/2"]
[WhiteElo "1718"]
[BlackElo "1870"]
[PlyCount "128"]
[EventDate "2009.11.05"]
[EventType "swiss"]
[EventRounds "9"]
[EventCountry "ESP"]
[Source "lmi"]
[SourceDate "2009.11.05"]

1. d4 d5 2. c4 c6 3. Nc3 Nf6 4. cxd5 cxd5 5. Nf3 Nc6 6. Bf4 Qb6 7. Bc1 Bg4 8.
e3 e6 9. Be2 Bb4 10. O-O O-O 11. Na4 Qd8 12. Bd2 Qe7 13. a3 Bd6 14. Nc3 a6 15.
h3 Bh5 16. Rc1 Rac8 17. Bd3 Bg6 18. Bxg6 hxg6 19. Qc2 Na7 20. Qd3 Rc7 21. Na4
Rfc8 22. Rxc7 Rxc7 23. Nc3 Rc6 24. Rc1 Qc7 25. Na2 b5 26. Rxc6 Qxc6 27. Qc3 Qc4
28. Qxc4 dxc4 29. Bb4 Bxb4 30. Nxb4 a5 31. Nc2 Nc6 32. Nd2 e5 33. dxe5 Nxe5 34.
Nd4 Nd3 35. b3 c3 36. Nb1 b4 37. Nc2 Nd7 38. axb4 axb4 39. Kf1 N7c5 40. Ke2 Kf8
41. f3 Ke7 42. e4 Kd6 43. Ke3 Ke5 44. Nxc3 bxc3 45. b4 Nxb4 46. f4+ Ke6 47.
Nxb4 f6 48. Kd4 Na4 49. g4 Kd6 50. h4 Nb2 51. Kxc3 Nd1+ 52. Kd4 Nf2 53. g5 Nd1
54. Nd5 Ke6 55. gxf6 gxf6 56. f5+ gxf5 57. Nf4+ Kf7 58. exf5 Nf2 59. Kd5 Ng4
60. h5 Nh6 61. Ke4 Ke7 62. Ne2 Kf7 63. Ng3 Ng4 64. Kd5 Nh6 1/2-1/2

[Event "Madrid ch - Previa B"]
[Site "Madrid"]
[Date "2009.11.27"]
[Round "8.12"]
[White "De Los Rios Camacho, Juan A"]
[Black "Corral Aragon, Juan Maria"]
[Result "1-0"]
[WhiteElo "1782"]
[BlackElo "1781"]
[PlyCount "79"]
[EventDate "2009.11.05"]
[EventType "swiss"]
[EventRounds "9"]
[EventCountry "ESP"]
[Source "lmi"]
[SourceDate "2009.11.05"]

1. e4 c6 2. d4 d5 3. Nc3 h6 4. exd5 cxd5 5. Bf4 a6 6. Bd3 Nc6 7. Qf3 Nf6 8.
Nge2 Bg4 9. Qg3 Bxe2 10. Nxe2 Nh5 11. Qe3 Nxf4 12. Nxf4 Qa5+ 13. c3 O-O-O 14.
b4 Qa3 15. O-O g5 16. c4 e6 17. Nxd5 Nxb4 18. Nxb4 Bxb4 19. Rfb1 Qa5 20. Rb3
Bc3 21. Rab1 Bxd4 22. Qf3 b6 23. Qc6+ Kb8 24. Rxb6+ Bxb6 25. Rxb6+ Qxb6 26.
Qxb6+ Kc8 27. Qxa6+ Kc7 28. c5 Rxd3 29. Qxd3 Rd8 30. Qg3+ Kc6 31. Kf1 Rd5 32.
Qf3 f5 33. Qh5 Rxc5 34. Qxh6 Rc1+ 35. Ke2 Rc2+ 36. Kd3 Rxf2 37. Qxe6+ Kb5 38.
Qd5+ Ka6 39. Qc6+ Ka5 40. Qc5+ 1-0

[Event "Madrid ch - Previa B"]
[Site "Madrid"]
[Date "2009.11.27"]
[Round "8.13"]
[White "Fariñas Lucas, Juan Antonio"]
[Black "Benito Aragoneses, Miguel Angel"]
[Result "0-1"]
[WhiteElo "1742"]
[BlackElo "1747"]
[PlyCount "58"]
[EventDate "2009.11.05"]
[EventType "swiss"]
[EventRounds "9"]
[EventCountry "ESP"]
[Source "lmi"]
[SourceDate "2009.11.05"]

1. e4 c5 2. Nf3 d6 3. Bb5+ Bd7 4. Bxd7+ Nxd7 5. O-O Ngf6 6. Nc3 e6 7. d4 cxd4
8. Nxd4 a6 9. Be3 Be7 10. Qe2 O-O 11. Rad1 Rc8 12. Nb3 Qc7 13. Rd2 Ne5 14. Nd1
Nc4 15. Rd3 Nxe3 16. Nxe3 Nxe4 17. Rfd1 b5 18. f3 Nf6 19. Nd2 d5 20. c3 Rfd8
21. Ndf1 Qb6 22. b4 Nd7 23. f4 Bf6 24. Rc1 e5 25. fxe5 Nxe5 26. Rd2 Nc4 27.
Rdc2 Re8 28. Kh1 Nxe3 29. Nxe3 Qxe3 0-1

[Event "Madrid ch - Previa B"]
[Site "Madrid"]
[Date "2009.11.27"]
[Round "8.15"]
[White "Nieto Esteban, Manuel"]
[Black "Montes Rubio, Miguel"]
[Result "1-0"]
[WhiteElo "1801"]
[BlackElo "1717"]
[PlyCount "85"]
[EventDate "2009.11.05"]
[EventType "swiss"]
[EventRounds "9"]
[EventCountry "ESP"]
[Source "lmi"]
[SourceDate "2009.11.05"]

1. d4 d5 2. c4 Nf6 3. cxd5 Qxd5 4. Nc3 Qd8 5. Nf3 Bf5 6. Bf4 e6 7. Qa4+ Nbd7 8.
Nb5 Nd5 9. Bg3 Bb4+ 10. Nd2 O-O 11. Rc1 c6 12. Nc3 N7b6 13. Qb3 Nxc3 14. bxc3
Bd6 15. e4 Bg6 16. Be2 Bxg3 17. hxg3 Qg5 18. Qd1 c5 19. Bh5 cxd4 20. Bxg6 Qxg6
21. cxd4 Rfd8 22. Nb3 Qxe4+ 23. Kf1 e5 24. Rh4 Qd5 25. Rc5 Qe6 26. Qh5 h6 27.
Rxe5 Qc4+ 28. Kg1 Rd5 29. Rf4 Rxe5 30. dxe5 Qc7 31. Nd4 Re8 32. e6 Rf8 33. Rg4
Qc1+ 34. Kh2 fxe6 35. Nxe6 Rf7 36. f4 Qc3 37. Qxh6 Nd7 38. Qg6 Nf8 39. Nxf8
Kxf8 40. Qd6+ Ke8 41. Rg5 Qc7 42. Re5+ Qe7 43. Qb8+ 1-0

[Event "Madrid ch - Previa B"]
[Site "Madrid"]
[Date "2009.11.27"]
[Round "8.16"]
[White "Mosteiro Montoro, Alvaro"]
[Black "Ortiz Berruguete, Adrian"]
[Result "1-0"]
[WhiteElo "1777"]
[BlackElo "1682"]
[PlyCount "135"]
[EventDate "2009.11.05"]
[EventType "swiss"]
[EventRounds "9"]
[EventCountry "ESP"]
[Source "lmi"]
[SourceDate "2009.11.05"]

1. d4 Nf6 2. c4 c5 3. d5 e6 4. Nc3 exd5 5. cxd5 d6 6. Bg5 h6 7. Bh4 g5 8. Bg3
a6 9. a4 Bg7 10. Qc2 Bg4 11. h3 Bh5 12. e4 Bg6 13. Bd3 O-O 14. Nge2 Re8 15. O-O
Qe7 16. f3 Nbd7 17. h4 Ne5 18. Bxe5 Qxe5 19. hxg5 hxg5 20. Kf2 Nd7 21. a5 Qf6
22. Ke1 Ne5 23. b3 Rac8 24. Ra4 Rc7 25. Kd2 g4 26. f4 Nxd3 27. Qxd3 Bh6 28. g3
Rce7 29. Kd1 Bh7 30. Kc2 Bg7 31. Rh1 Qg6 32. f5 Qg5 33. Nf4 Be5 34. Rh5 Qg7 35.
Nce2 Rc8 36. Nc3 Rec7 37. Rc4 Rb8 38. Na4 Kf8 39. Nb6 Ke7 40. Qf1 Ba1 41. Nd3
Bg8 42. Qf4 Bf6 43. Nf2 Ba1 44. Qg5+ Qxg5 45. Rxg5 f6 46. Rg7+ Bf7 47. Rxg4 Rh8
48. Rh4 Rg8 49. g4 Be5 50. Rh3 Bd4 51. Rxd4 cxd4+ 52. Nc4 Rg7 53. Kd3 Be8 54.
Kxd4 Bb5 55. Rg3 Bxc4 56. bxc4 Rc5 57. Ra3 Kf8 58. Kc3 Rgc7 59. Ra4 Rg7 60. Kd4
Rgc7 61. Nd3 Kg7 62. Nf4 Kh6 63. Ne6 Rc8 64. Nxc5 Rxc5 65. Ke3 Kg5 66. Kf3 Kh4
67. Kf4 Kh3 68. g5 1-0

[Event "Madrid ch - Previa B"]
[Site "Madrid"]
[Date "2009.11.27"]
[Round "8.17"]
[White "Sanz Moriñigo, Francisco J"]
[Black "Garcia Hernandez, Javier"]
[Result "1-0"]
[WhiteElo "1736"]
[BlackElo "1640"]
[PlyCount "57"]
[EventDate "2009.11.05"]
[EventType "swiss"]
[EventRounds "9"]
[EventCountry "ESP"]
[Source "lmi"]
[SourceDate "2009.11.05"]

1. e4 e6 2. d4 d5 3. Nd2 Nf6 4. e5 Nfd7 5. f4 c5 6. c3 Nc6 7. Ndf3 Be7 8. a3
O-O 9. Ne2 f6 10. h4 fxe5 11. fxe5 Nb6 12. Nf4 cxd4 13. cxd4 Bd7 14. Qd3 Nc4
15. Ng5 Bxg5 16. hxg5 Qxg5 17. Qxh7+ Kf7 18. Bd3 Qg3+ 19. Kd1 Nxd4 20. Bg6+ Ke7
21. Qxg7+ Kd8 22. Qxf8+ Kc7 23. Qc5+ Nc6 24. Rh7 b6 25. Nxe6+ Kc8 26. Qf8+ Kb7
27. Rxd7+ Ka6 28. Nc7+ Ka5 29. b4+ 1-0

[Event "Madrid ch - Previa B"]
[Site "Madrid"]
[Date "2009.11.27"]
[Round "8.19"]
[White "Ballesteros Galvez, Daniel"]
[Black "Kalinovsky, Martin"]
[Result "0-1"]
[WhiteElo "1557"]
[BlackElo "1632"]
[PlyCount "82"]
[EventDate "2009.11.05"]
[EventType "swiss"]
[EventRounds "9"]
[EventCountry "ESP"]
[Source "lmi"]
[SourceDate "2009.11.05"]

1. e4 e5 2. Nf3 Nf6 3. Nc3 Nc6 4. Bb5 Nd4 5. Nxd4 exd4 6. e5 dxc3 7. exf6 Qxf6
8. dxc3 c6 9. Bd3 Bc5 10. Qe2+ Qe6 11. Qxe6+ fxe6 12. Bg5 Rf8 13. Rf1 Be7 14.
Bxe7 Kxe7 15. O-O-O d5 16. Rde1 Kd6 17. Re3 h6 18. Rg3 g5 19. Rh3 Rf6 20. Re3
Bd7 21. c4 Raf8 22. f3 g4 23. cxd5 cxd5 24. Kd2 Bc6 25. Be2 e5 26. Re1 gxf3 27.
Rxf3 Rxf3 28. Bxf3 e4 29. Bg4 Bb5 30. Ke3 Ke5 31. Rd1 Rg8 32. Bh3 h5 33. Rd2
Rf8 34. Rd1 Rg8 35. Rd2 Bf1 36. Rd1 Bxg2 37. Rg1 d4+ 38. Kd2 e3+ 39. Kc1 Bd5
40. Rf1 Bc4 41. Rf5+ Ke4 0-1

[Event "Madrid ch - Previa B"]
[Site "Madrid"]
[Date "2009.11.27"]
[Round "8.20"]
[White "Gomez Arce, David"]
[Black "Vicario Ramirez, Celestino"]
[Result "1/2-1/2"]
[WhiteElo "1393"]
[BlackElo "1612"]
[PlyCount "60"]
[EventDate "2009.11.05"]
[EventType "swiss"]
[EventRounds "9"]
[EventCountry "ESP"]
[Source "lmi"]
[SourceDate "2009.11.05"]

1. d4 Nf6 2. e3 e6 3. Nf3 Be7 4. Bd3 b6 5. O-O Bb7 6. c4 O-O 7. Nc3 d5 8. Re1
Nbd7 9. e4 dxe4 10. Nxe4 Nxe4 11. Bxe4 Bxe4 12. Rxe4 Nf6 13. Re2 Qd7 14. Bf4
Rad8 15. Rd2 Qc8 16. Qc2 Qa8 17. Bxc7 Rd7 18. Be5 Ng4 19. Bf4 Rfd8 20. Rad1 Bd6
21. Bxd6 Rxd6 22. c5 Rd5 23. c6 Rc8 24. Ne5 Nxe5 25. dxe5 Rxc6 26. Qa4 b5 27.
Qb3 Rxd2 28. Rxd2 Rc1+ 29. Rd1 Rxd1+ 30. Qxd1 Qd5 1/2-1/2

[Event "Madrid ch - Previa B"]
[Site "Madrid"]
[Date "2009.11.27"]
[Round "8.22"]
[White "Zea Ruiz, Elena"]
[Black "Martin Garcia, Francisco J"]
[Result "0-1"]
[WhiteElo "1646"]
[BlackElo "1533"]
[PlyCount "98"]
[EventDate "2009.11.05"]
[EventType "swiss"]
[EventRounds "9"]
[EventCountry "ESP"]
[Source "lmi"]
[SourceDate "2009.11.05"]

1. d4 Nf6 2. c4 c5 3. e3 g6 4. Nc3 Bg7 5. Nf3 O-O 6. Be2 cxd4 7. exd4 d5 8. O-O
Nc6 9. Bg5 dxc4 10. Bxc4 Bg4 11. d5 Ne5 12. Be2 Nxf3+ 13. Bxf3 Bxf3 14. Qxf3
Qa5 15. Rfe1 h6 16. Bxh6 Bxh6 17. Rxe7 Bg7 18. Rxb7 Rab8 19. d6 Rxb7 20. Qxb7
Rd8 21. Rd1 Rd7 22. Qb8+ Kh7 23. Qc8 Qe5 24. Qc4 Rxd6 25. Rxd6 Qxd6 26. Qxf7
Ne4 27. Nd5 Qc5 28. Ne3 Qc1+ 29. Nf1 Nd2 30. h4 Nxf1 31. Qxa7 Nd2+ 32. Kh2 Qxb2
33. a4 Qe5+ 34. Kg1 Nc4 35. g4 Qf4 36. a5 Qxg4+ 37. Kf1 Nd2+ 38. Ke1 Nf3+ 39.
Kf1 Qxh4 40. a6 Qc4+ 41. Kg2 Ne5 42. Kg1 Nc6 43. Qb7 Qa4 44. Kh2 Kh6 45. f3
Be5+ 46. Kh3 Qf4 47. Kg2 Qg3+ 48. Kf1 Qxf3+ 49. Ke1 Bc3# 0-1

[Event "Madrid ch - Previa B"]
[Site "Madrid"]
[Date "2009.11.28"]
[Round "9.1"]
[White "Martin Duque, Jesus"]
[Black "Ocaña Lameiro, Oliver"]
[Result "1/2-1/2"]
[WhiteElo "2020"]
[BlackElo "1904"]
[PlyCount "32"]
[EventDate "2009.11.05"]
[EventType "swiss"]
[EventRounds "9"]
[EventCountry "ESP"]
[Source "lmi"]
[SourceDate "2009.11.05"]

1. e4 d5 2. exd5 Nf6 3. Bb5+ Nbd7 4. Nf3 Nxd5 5. d4 c6 6. Be2 g6 7. c4 N5f6 8.
O-O Bg7 9. Nc3 O-O 10. h3 Qc7 11. Be3 Nh5 12. Ng5 Nf4 13. Bf3 Nb6 14. b3 f5 15.
Qd2 e5 16. Bxf4 exf4 1/2-1/2